Wuthering Heights/ (Record no. 211472)

MARC details
000 -LEADER
fixed length control field 00525nam a22001817a 4500
005 - DATE AND TIME OF LATEST TRANSACTION
control field 20250530160020.0
010 ## - LCCN (DPL NO)
LC control number ENG-145089
020 ## - INTERNATIONAL STANDARD BOOK NUMBER
Terms of availability 399.00
International Standard Book Number 9789356170162
035 ## - SYSTEM CONTROL NUMBER
System control number EN-128621
037 ## - SOURCE OF ACQUISITION
Source of stock number/acquisition DBAD
082 ## - DEWEY DECIMAL CLASSIFICATION NUMBER
Classification number N
100 ## - MAIN ENTRY--PERSONAL NAME
Personal name Bronte, Emily
245 ## - TITLE STATEMENT
Title Wuthering Heights/
Statement of responsibility, etc Emily Bronte
260 ## - PUBLICATION, DISTRIBUTION, ETC. (IMPRINT)
Place of publication, distribution, etc New Delhi
Name of publisher, distributor, etc Shri Sai Printographers
Date of publication, distribution, etc 2022
270 ## - ADDRESS
City New Delhi
Address 102, 4787/23, Ansari Road, Darya Ganj
Postal code 110002
Telephone number 011-23246222
-- 9312220441
300 ## - PHYSICAL DESCRIPTION
Extent 332p.
Dimensions 22cm(pb)
942 ## - ADDED ENTRY ELEMENTS (KOHA)
Source of classification or shelving scheme Dewey Decimal Classification
Item type English Books
Classification part N
Call number suffix BRO
Holdings
Withdrawn status Lost status Not for loan Collection code Home library Current library Date acquired Source of acquisition Cost, normal purchase price Full call number Barcode Copy number Cost, replacement price Koha item type
      Non-fiction RC3 Shakur Pur RC3 Shakur Pur 30/05/2025 Delivery of Books Act Division 399.00 N BRO EN-128621 1 399.00 English Books

© Delhi Public Library
Hit Counter
free hit counter